Introduction to Philosophy / (Record no. 14842)
[ view plain ]
| 000 -LEADER | |
|---|---|
| fixed length control field | 00459nam a22001577a 4500 |
| 008 - FIXED-LENGTH DATA ELEMENTS--GENERAL INFORMATION | |
| fixed length control field | 101122t xxu||||| |||| 00| 0 eng d |
| 020 ## - INTERNATIONAL STANDARD BOOK NUMBER | |
| International Standard Book Number | 9780857760142 |
| 082 ## - DEWEY DECIMAL CLASSIFICATION NUMBER | |
| Classification number | 101 |
| Item number | INT |
| 100 ## - MAIN ENTRY--PERSONAL NAME | |
| 9 (RLIN) | 21232 |
| Personal name | Almisbkawy, Mohammed Ali |
| 245 ## - TITLE STATEMENT | |
| Title | Introduction to Philosophy / |
| Statement of responsibility, etc | Compiled by Mohammed Ali Almisbkawy |
| 260 ## - PUBLICATION, DISTRIBUTION, ETC. (IMPRINT) | |
| Place of publication, distribution, etc | Harlow : |
| Name of publisher, distributor, etc | Pearson, 2011 |
| Date of publication, distribution, etc | 2011 |
| 300 ## - PHYSICAL DESCRIPTION | |
| Extent | 440 p. ; |
| Dimensions | 25 cm. |
| 650 ## - SUBJECT ADDED ENTRY--TOPICAL TERM | |
| 9 (RLIN) | 1597 |
| Topical term or geographic name as entry element | Philosophy |
| 653 ## - INDEX TERM--UNCONTROLLED | |
| Arrived date list | September2013 |
| 942 ## - ADDED ENTRY ELEMENTS (KOHA) | |
| Source of classification or shelving scheme | Dewey Decimal Classification |
| Item type | NB - Book (Non borrowing) |
| Withdrawn status | Item status | Source of classification or shelving scheme | Damaged status | Not for loan | Vendor | Home library | Current library | Shelving location | Date acquired | Source of acquisition | Total Checkouts | Full call number | Barcode | Date last seen | Koha item type | Total Renewals | Date last borrowed | Checked out |
|---|---|---|---|---|---|---|---|---|---|---|---|---|---|---|---|---|---|---|
| Dewey Decimal Classification | Baccah | Central Library | Central Library | Lower Floor | 22/11/2010 | 101 INT | 000022473 | 15/07/2025 | NB - Book (Non borrowing) | |||||||||
| Dewey Decimal Classification | Baccah | Central Library | Central Library | Lower Floor | 22/11/2010 | 13 | 101 INT | 000022472 | 15/07/2025 | Book - Borrowing | 28 | 18/12/2018 | ||||||
| Dewey Decimal Classification | Baccah | Central Library | Central Library | Lower Floor | 22/11/2010 | 14 | 101 INT | 000022471 | 15/07/2025 | Book - Borrowing | 31 | 20/01/2022 | ||||||
| Dewey Decimal Classification | Baccah | Central Library | Central Library | Lower Floor | 26/09/2011 | 20 | 101 INT | 000024933 | 15/07/2025 | Book - Borrowing | 35 | 04/12/2022 | ||||||
| Dewey Decimal Classification | Baccah | Central Library | Central Library | Lower Floor | 26/09/2011 | 15 | 101 INT | 000024934 | 15/07/2025 | Book - Borrowing | 47 | 10/10/2023 | ||||||
| Dewey Decimal Classification | Baccah | Central Library | Central Library | Lower Floor | 26/09/2011 | 16 | 101 INT | 000024935 | 15/07/2025 | Book - Borrowing | 82 | 30/10/2023 | ||||||
| Dewey Decimal Classification | Baccah | Central Library | Central Library | Lower Floor | 29/09/2013 | 6 | 101 INT | 000029023 | 15/07/2025 | Book - Borrowing | 22 | 10/10/2023 | ||||||
| Dewey Decimal Classification | Baccah | Central Library | Central Library | Lower Floor | 29/09/2013 | 9 | 101 INT | 000029024 | 15/07/2025 | Book - Borrowing | 26 | 10/10/2021 | ||||||
| Dewey Decimal Classification | Baccah | Central Library | Central Library | Lower Floor | 29/09/2013 | 11 | 101 INT | 000029025 | 12/02/2026 | Book - Borrowing | 90 | 12/02/2026 | 19/05/2026 | |||||
| Dewey Decimal Classification | Baccah | Central Library | Central Library | Lower Floor | 29/09/2013 | 8 | 101 INT | 000029026 | 29/09/2019 | Book - Borrowing | 114 | 29/09/2019 | 31/03/2022 |